Building capability for policy analysis (Record no. 225346)

000 -LEADER
fixed length control field 00498cam a22001577a 4500
008 - FIXED-LENGTH DATA ELEMENTS--GENERAL INFORMATION
fixed length control field 180718b1989 xxu||||| |||| 00| 0 eng d
082 ## - DEWEY DECIMAL CLASSIFICATION NUMBER
Classification number B3 In8b
100 ## - MAIN ENTRY--PERSONAL NAME
Personal name Paul, Samuel
245 ## - TITLE STATEMENT
Title Building capability for policy analysis
Statement of responsibility, etc. By Samuel Paul, David Steedman and Francis X. Sutton
260 ## - PUBLICATION, DISTRIBUTION, ETC.
Place of publication, distribution, etc. Washington, D.C.
Name of publisher, distributor, etc. IBRD
Date of publication, distribution, etc. 1989
300 ## - PHYSICAL DESCRIPTION
Extent 149p.
440 ## - SERIES STATEMENT/ADDED ENTRY--TITLE
Title Policy, Planning and Research: Working Papers
650 ## - SUBJECT ADDED ENTRY--TOPICAL TERM
Topical term or geographic name entry element Public Policy
700 ## - ADDED ENTRY--PERSONAL NAME
Personal name Sutton, Francis X.
700 ## - ADDED ENTRY--PERSONAL NAME
Personal name Steedman, David
Holdings
Withdrawn status Lost status Damaged status Not for loan Permanent Location Current Location Date acquired Full call number Barcode Date last seen Price effective from Koha item type
        Indian Institute of Public Administration Indian Institute of Public Administration 1993-05-17 B3 In8b WB1881 2018-07-20 2018-07-20 WB

Powered by Koha